00246nam a2200097Ia 4500008004100000082001600041100002300057245003000080260001800110600002000128241002s9999 xx 000 0 und d a303.613 RIC aRichard, Greorg B. 4aThe Power of non Vlolence aLondon:c1936 aSocial Sciences